| 000 | 00867cab a22002535a 4500 | ||
|---|---|---|---|
| 001 | L153112 | ||
| 008 | 110608e20110604xxk 000 0 eng d | ||
| 035 | _a(Sirsi) u153112 | ||
| 041 | 0 | _aeng | |
| 100 | 1 | _aDavies, Helena | |
| 245 | 0 | 0 | _aRevisiting the past |
| 260 | _c2011 | ||
| 490 |
_aEstates Gazette _v(1122) 4 June 2011, 98-99(2) |
||
| 520 | _aMainly for Students considers construction and rectification of contracts. Illustrated by reference to case law. | ||
| 590 | _aKA | ||
| 650 | 2 | 4 | _aWOODFORD LAND LTD V PERSIMMON HOMES LTD |
| 650 | 2 | 4 | _aSCOTTISH WIDOWS FUND & LIFE ASSURANCE SOCIETY V BGC INTERNATIONAL (FORMERLY CANTOR FITZGERALD INTERNATIONAL) |
| 651 | 4 |
_aYorkshire _y1888- |
|
| 690 | _aPROPERTY-COMMERCIAL PROPERTY-COMMERCIAL PROPERTY MARKET | ||
| 700 | 1 | _aThame, David | |
| 700 | 1 | _aDay, Karen | |
| 700 | 1 | _aJack, Simon | |
| 942 | _n0 | ||
| 999 |
_c83194 _d83194 |
||